000 00496nam a2200181Ia 4500
003 GCL
008 140319s9999 xx 000 0 eng d
020 _a0300065426
040 _aGCL /
_cGCL
082 0 4 _a968
_bT H
100 1 _aTHOMPSON, LEONARD
245 1 0 _aA HISTORY OF SOUTH AFRICA /
_cTHOMPSON, LEONARD
260 _aانجلترا :
_bYALE UNIVERSITY PRESS ،
_c1995
300 _a22 CM ؛
_cXX, 332 P
650 0 4 _aSOUTH AFRICA
650 0 4 _aSOUTH AFRICA - HISTORY
942 _2ddc
_cBK
999 _c4600
_d4600